| 000 | 00832cam a2200217 4500 | ||
|---|---|---|---|
| 008 | 090401t1999 xxu||||| |||| 00| 0 eng d | ||
| 020 | _a1854319744 | ||
| 035 | _a(Sirsi) u99851 | ||
| 041 | _aeng | ||
| 100 | _aTweeddale, Keren | ||
| 245 | 2 | _aA practical approach to arbitration law. | |
| 260 |
_aLondon _bBlackstone Press _c1999 |
||
| 300 | _axlv,446p. ; 22cm. | ||
| 350 | _a29.95 | ||
| 520 | _aThis is a straightforward guide to one of the most rapidly developing areas of English law. Since the enactment of the Arbitration Act 1996, there have been numerous cases dealing with the Act, and several of them are analysed in this book..This text is equally useful to legal practitioners and students. | ||
| 650 | _aARBITRATION LAW | ||
| 690 | _aLAW | ||
| 700 | _aTweeddale, Andrew | ||
| 942 | _n0 | ||
| 948 | _c21/04/1999 | ||
| 999 |
_c99492 _d99492 |
||